| 000 | 01681nam2a2200277 4500 | ||
|---|---|---|---|
| 001 | RU\NLR\bibl\1272757 | ||
| 005 | 20260407190053.0 | ||
| 010 |
_a978-5-91364-015-4 _9100 |
||
| 021 |
_aRU _b2008-54872 _93040 |
||
| 035 | _a(NLR Aleph) 001258621 | ||
| 090 |
_a364756 _c364756 |
||
| 100 | _a20080912d2007 |||y0rusy50 ca | ||
| 101 | 0 | _arus | |
| 102 | _aRU | ||
| 105 | _aa ||||||||| | ||
| 200 | 0 |
_aВып. 5, т. 1 _eматериалы научно-практической конференции "Современные проблемы мелиорации и водного хозяйства Южного Федерального округа" _e(Шумаковские чтения совместно с заседанием секции РАСХН), 9-10 ноября 2006 г., г. Новочеркасск |
|
| 210 |
_d2007 _aБ. м. |
||
| 215 |
_a218 с. _cил. _d21 |
||
| 320 | _aБиблиогр. в конце докл. | ||
| 461 | 0 |
_1001RU\NLR\bibl\1319101 _12001#$aМелиорация и водное хозяйство$vВып. 5, т. 1 _9640064 _cНовочеркасск _d2007 _nОникс+ _o[материалы конференций] _tМелиорация и водное хозяйство _vВып. 5, т. 1 |
|
| 711 | 1 | 2 |
_a"Современные проблемы мелиорации и водного хозяйства Южного федерального округа", научно-практическая конференция _f2006 _eНовочеркасск _3RU\NLR\AUTH\8810122680 _9743306 |
| 801 | 0 |
_aRU _bNLR _c20080912 _gRCR |
|
| 801 | 1 |
_aRU _bNLR _c20080912 |
|
| 942 | _cBOOK | ||
| 980 | _aNB | ||